Toyota Vehicles Quiz Stats

 Plays Quiz Updated Mar 11, 2019

Score 0/31 Timer 06:00
0 Plays Today
Make % Correct
Camry
82.6%
Corolla
82.5%
Prius
59.1%
Prius
59.1%
Tundra
52.5%
RAV4
47.5%
RAV4
47.2%
Highlander
44.2%
Tacoma
43.3%
4 Runner
41.4%
Yaris
37.9%
Yaris
37.9%
Avalon
37.5%
Sequoia
28.2%
Sienna
27.3%
Land Cruiser
26.6%
Make % Correct
Land Cruiser
26.6%
86
26.1%
C-HR
23.6%
C-HR
23.6%
GT86
20.7%
Mirai
18.6%
Mirai
18.6%
ProAce
12.2%
Avensis
10.2%
Hilux
9.1%
Aygo
7.9%
Auris
6.7%
Verso
4.4%
Hiace
3.9%
Dyna
2.7%

You're not logged in!

Compare scores with friends on all Sporcle quizzes.
OR
Log In

Sporcle TV

Today on Sporcle TV


Watch our educational content, quiz creation guides, and fun videos on Sporcle TV.

Show Comments

Extras

Top Quizzes Today


Score Distribution

Your Account Isn't Verified!

In order to create a playlist on Sporcle, you need to verify the email address you used during registration. Go to your Sporcle Settings to finish the process.

Report this User

Report this user for behavior that violates our Community Guidelines.

Details: